| 000 | 00624 a2200157 4500 | ||
|---|---|---|---|
| 020 | _a8185680345 | ||
| 020 | _a9788185680347 | ||
| 090 |
_c2327 _d2327 |
||
| 245 | 0 | 0 | _aPrinciples of system dynamics - with agricultural, aquacultural, environmental, and socio-economic applications. |
| 260 |
_a[S.l.] : _bAgrotech Publishing Academy, _c1998. |
||
| 300 | _a1 v. (unpaged) | ||
| 500 | _aUnknown Binding. | ||
| 856 | 4 | 0 |
_3Amazon.com _uhttp://www.amazon.com/exec/obidos/ASIN/8185680345/chopaconline-20 |
| 856 | 4 | 0 |
_3Amazon customer reviews _uhttp://www.chopac.org/cgi-bin/tools/azrev.pl?q=8185680345 |
| 942 |
_aNBS _cBK _k003.3 BAL |
||
| 999 |
_c344828 _d344828 |
||